000 00455nam a2200181Ia 4500
001 648
005 20260306140533.0
008 260306t2015||||xx |||||||||||||| ||spa||
041 _aESP
082 _a128
_bZ89
100 _aZubiri, Xavier
_eAUT
245 0 _aTres dimensiones del ser humano :
_bindividual, social, histórica
260 _c2015
300 _axxvi, 197 páginas :
_c24 cm.
650 _aGEN
654 _aCHU
942 _cLIB
_dJUS
_fJUS
_2ddc
_n
999 _c648
_d648